[Event "Match"]
[Site "www.echecsemail.com"]
[Date "2018.03.31"]
[Round "1"]
[White "Calponas"]
[Black "Sefj"]
[WhiteElo "2090"]
[BlackElo "2130"]
[Result "1-0"]
[Round "1"]
1.e4 e5
2.Ng1f3 Nb8c6
3.Bf1c4 Ng8f6
4.Nf3g5 d5
5.exd5 Nf6xd5
6.d4 Nc6xd4
7.Ng5xf7 Kxf7
8.O-O c6
9.Nb1c3  { time }
1-0

[Event "Match"]
[Site "www.echecsemail.com"]
[Date "2018.03.31"]
[Round "1"]
[White "Caroluigi"]
[Black "Stevep84"]
[WhiteElo "1870"]
[BlackElo "2220"]
[Result "1-0"]
[Round "1"]
1.d4 Ng8f6
2.c4 g6
3.Nb1c3 Bf8g7
4.e4 d6
5.f3 O-O
6.Bc1e3 e5
7.d5 c6
8.Bf1d3 b5
9.cxb5 cxd5
10.exd5 e4
11.fxe4 Nf6g4
12.Qd1d2 Qd8a5
13.Ng1e2 Ng4xe3
14.Qd2xe3 Bc8g4
15.O-O Bg4xe2
16.Bd3xe2 Qa5b4
17.Qe3d2 Bg7xc3
18.Qd2xc3 Qb4xe4
19.Be2f3 Qe4e8
20.a4 Nb8d7
21.Rf1e1 Nd7e5
22.Ra1c1 Ra8c8
23.Qc3e3 Qe8d7
24.Bf3e2 Qd7b7
25.Qe3d4 Rc8c7
26.Rc1xc7 Qb7xc7
27.Qd4c3 Qc7b6
28.Kh1 Qb6f2
29.Qc3g3 Qf2d4
30.b3 Rf8c8
31.Be2f3 Ne5d3
32.Re1f1 Rc8c2
33.h3 Nd3e5
34.h4 Rc2c3
35.Qg3f2 Ne5xf3
36.gxf3 Qd4xd5
37.Qf2xa7 Rc3xb3
38.Kg2 Rb3b2
39.Rf1f2 Rb2b1
40.b6 Qd5d1
41.b7 Qd1h1
42.Kg3 Rb1g1
43.Kf4 Qh1xh4
44.Ke3 Rg1e1
45.Kd3 Re1d1
46.Ke2 Rd1b1
47.b8Q Rb1xb8
48.Qa7xb8 Kg7
49.Qb8b2 Kg8
50.Qb2b3 Qh4e7
51.Kf1 Qe7c7
52.Rf2c2 Qc7d7
53.Rc2g2 d5
54.Qb3b5 Qd7f5
55.Qb5b3 d4
56.Rg2e2 Kg7
57.Re2d2 Qf5f4
58.Qb3d3 Kg8
59.a5 Qf4h4
60.Qd3xd4 Qh4h1
61.Kf2 Qh1h2
62.Kf1 Qh2h1
63.Kf2 Qh1h2
64.Kf1 Qh2h1
65.Ke2 Qh1h2
66.Ke3 Qh2g1
67.Kf4 g5
68.Kf5 Qg1b1
69.Qd4e4 Qb1b5
70.Rd2d5 Qb5b8
71.Kxg5 Qb8c8
72.Qe4g4 Qc8f8
73.Kf6 Kh8
74.Qg4d4 Qf8g7
75.Ke7 f6
76.Ke6 { resign }
1-0

[Event "1/32 Finale"]
[Site "www.chess-mail.com"]
[Date "2018.03.31"]
[Round "1"]
[White "Sefj"]
[Black "Osopanda"]
[WhiteElo "2080"]
[BlackElo "1970"]
[Result "0-1"]
[Round "1"]
1.Ng1f3 d6
2.e4 c5
3.Bf1c4 e6
4.d4 cxd4
5.Qd1xd4 Nb8c6
6.Qd4d2 Ng8f6
7.Nb1c3 Bf8e7
 { time }
0-1

[Event "1/64 Finale"]
[Site "www.chess-mail.com"]
[Date "2018.03.31"]
[Round "1"]
[White "Drawlward"]
[Black "Bojan"]
[WhiteElo "2550"]
[BlackElo "1980"]
[Result "1-0"]
[Round "1"]
1.e4 e5
2.Ng1f3 d6
3.d4 exd4
4.Nf3xd4 Bc8d7
5.Nb1c3 a6
6.Bf1e2 Nb8c6
7.O-O Bf8e7
8.Bc1e3 Be7f6
9.f4 Ng8h6
10.Be2f3 Nh6g4
11.Bf3xg4 Bd7xg4
12.Qd1xg4 Nc6xd4
13.Be3f2 O-O
14.Nc3d5 Nd4e6
15.c3 c6
16.Bf2b6 Qd8c8
17.Nd5xf6 Kh8
18.Nf6h5 g6
19.Nh5f6 c5
20.Qg4h4 h5
21.Nf6xh5 gxh5
22.Qh4xh5 Kg8
23.Rf1f3 Ne6g7
24.Rf3g3 f5
25.Qh5g6 Rf8f7
26.Rg3h3 Qc8f8
27.Qg6h7 { resign }
1-0

[Event "Fast Game"]
[Site "www.echecsemail.com"]
[Date "2018.03.31"]
[Round "1"]
[White "Attatroll"]
[Black "Pellix84"]
[WhiteElo "1700"]
[BlackElo "1570"]
[Result "1-0"]
[Round "1"]
1.e4 c5
2.b4 b6
3.Bc1b2 Bc8b7
4.f3 cxb4
5.d4 e6
6.Bf1d3 Bf8e7
7.Ng1e2 Ng8h6
8.O-O O-O
9.Nb1d2 Nb8c6
10.Nd2c4 Ra8c8
11.Qd1d2 d6
12.f4 f5
13.exf5 Nh6xf5
14.Bd3xf5 Rf8xf5
15.Nc4e3 Rf5f7
16.Ra1b1 d5
17.Bb2a1 Qd8c7
18.Rf1c1 Be7d6
19.g3 Rc8f8
20.c3 Rf7f6
21.Ne3g4 Rf6g6
22.Ng4e5 Nc6xe5
23.fxe5 Bd6e7
24.Ne2f4 Be7g5
25.cxb4 Qc7f7
26.Rc1f1  { time }
1-0

[Event "Tourn. n9705"]
[Site "www.chess-mail.com"]
[Date "2018.04.01"]
[Round "1"]
[White "Aperturaf"]
[Black "Rons"]
[WhiteElo "2670"]
[BlackElo "2700"]
[Result "1/2-1/2"]
[Round "1"]
1.e4 c5
2.Ng1f3 d6
3.d4 cxd4
4.Qd1xd4 Nb8c6
5.Bf1b5 Bc8d7
6.Bb5xc6 Bd7xc6
7.Nb1c3 Ng8f6
8.Bc1g5 e6
9.O-O-O Bf8e7
10.Rh1e1 O-O
11.e5 dxe5
12.Qd4h4 Qd8c7
13.Nf3xe5 Rf8d8
14.Ne5g4 Nf6xg4
15.Bg5xe7 Rd8xd1
16.Re1xd1 Ng4e5
17.Be7d6 Ne5g6
18.Qh4d4 Qc7d8
19.g3 Ng6e7
20.Bd6xe7 Qd8xe7
21.a4 h6
22.h4 a6
23.a5 Qe7c7
24.b4 Ra8c8
25.Qd4c5 Kh8
26.Rd1d2 Qc7b8
27.Qc5d4 Kg8
28.Nc3d1 Qb8c7
29.Nd1e3 Qc7e7
30.Kb2 Rc8e8
31.Ka3 f6
32.c4 Qe7f7
33.Qd4c5 Kh8
34.Kb2 Kh7
35.Rd2d6 e5
36.Ne3d5 Qf7h5
37.Qc5e3 Kg8
38.Qe3d2 Kh8
39.b5 Bc6xd5
40.Rd6xd5 Qh5f3
41.b6 e4
42.Rd5d8 Re8xd8
43.Qd2xd8 Kh7
44.Qd8d4 f5
45.Qd4d2 Qf3h5
46.Kb3 Qh5e8
47.Qd2d4 Qe8e7
48.Ka4 { draw }
1/2-1/2

[Event "Tourn. n9715"]
[Site "www.chess-mail.com"]
[Date "2018.04.01"]
[Round "1"]
[White "Dussek"]
[Black "Susov"]
[WhiteElo "1780"]
[BlackElo "1760"]
[Result "1-0"]
[Round "1"]
1.d4 Ng8f6
2.Bc1f4 Nf6d5
3.Bf4g3 Nb8c6
4.Ng1f3 e6
5.e4 Nd5e7
6.Bf1b5 a6
7.Bb5a4 b5
8.Ba4b3 d5
9.Nb1d2 Bc8b7
10.e5 Ne7f5
11.Bg3f4 Nc6xd4
12.Nf3xd4 Nf5xd4
13.O-O Bf8e7
14.Nd2f3 Nd4xb3
15.axb3 h6
16.Bf4d2 O-O
17.Bd2a5 Be7c5
18.b4 Bc5a7
19.Nf3d4 Qd8h4
20.Nd4f3 Qh4g4
21.Ba5xc7 Ra8c8
22.Bc7d6 Rf8d8
23.Bd6e7 Rd8d7
24.Be7d6 d4
25.Ra1a3 Ba7b8
26.h3 Qg4h5
27.Ra3d3 Bb8xd6
28.exd6 Bb7xf3
29.Rd3xf3 Rd7xd6
30.Qd1d3  { time }
1-0

[Event "Tourn. n9785"]
[Site "www.chess-mail.com"]
[Date "2018.04.01"]
[Round "1"]
[White "Caroluigi"]
[Black "Fantomas"]
[WhiteElo "2100"]
[BlackElo "2190"]
[Result "1/2-1/2"]
[Round "1"]
1.e4 e5
2.Ng1f3 d6
3.d4 exd4
4.Nf3xd4 Ng8f6
5.Nb1c3 Bc8d7
6.Bc1g5 h6
7.Bg5h4 Nb8c6
8.Bf1e2 Nc6xd4
9.Qd1xd4 c5
10.Qd4d3 g5
11.Bh4g3 Qd8b6
12.O-O O-O-O
13.Ra1b1 Qb6c6
14.Rf1d1 Bd7e6
15.Nc3b5 Qc6xe4
16.Bg3xd6 Qe4a4
17.Qd3g3 Nf6e4
18.Qg3e5 Bf8xd6
19.Nb5xd6 Ne4xd6
20.Rd1xd6 Qa4a5
21.Rb1d1 Rh8e8
22.Be2f3 Rd8xd6
23.Qe5xd6 Qa5c7
24.Qd6xc7 Kxc7
25.h3 b6
26.Rd1e1 Re8d8
27.b3 Rd8d2
{ draw }
1/2-1/2

[Event "Tourn. n9763"]
[Site "www.chess-mail.com"]
[Date "2018.04.01"]
[Round "1"]
[White "Sefj"]
[Black "Falcoale"]
[WhiteElo "2060"]
[BlackElo "1850"]
[Result "0-1"]
[Round "1"]
1.Ng1f3 b6
2.e4 Bc8b7
3.Nb1c3 e6
4.d4 Bf8b4
5.Bf1d3 Ng8f6
6.Bc1d2 Bb4xc3
7.Bd2xc3 Nf6xe4
8.Bc3b4 Ne4f6
9.O-O Nf6d5
10.Bb4d2 O-O
 { time }
0-1

[Event "Tourn. n9728"]
[Site "www.chess-mail.com"]
[Date "2018.04.01"]
[Round "1"]
[White "Abuelo"]
[Black "Coolant"]
[WhiteElo "2120"]
[BlackElo "2270"]
[Result "0-1"]
[Round "1"]
1.e4 Nb8c6
2.Bf1c4 Ng8f6
3.d3 e5
4.Ng1f3 Bf8c5
5.Nb1c3 d6
6.h3 Bc8e6
7.Bc4xe6 fxe6
8.a3 a5
9.O-O O-O
10.Nc3a4 Bc5a7
11.Nf3g5 Qd8d7
12.Qd1e2 Nc6d4
13.Qe2d1 Qd7xa4
14.c3 Qa4xd1
15.Rf1xd1 Nd4b3
16.Ra1b1 Ra8e8
17.Ng5f3 Nb3xc1
18.Rb1xc1 Nf6h5
19.Nf3d2 Ba7xf2
20.Kh2 Bf2g3
21.Kg1 Nh5f4
22.Kh1 Nf4xd3
23.Rc1b1 Nd3f2
24.Kg1 Nf2xd1
25.Rb1xd1 Rf8f4
26.Nd2f1 Bg3f2
27.Kh2 Rf4xe4
28.Nf1g3 Bf2xg3
29.Kxg3 Re4e2
{ resign }
0-1

[Event "Tourn. n9747"]
[Site "www.chess-mail.com"]
[Date "2018.04.01"]
[Round "1"]
[White "Pachi"]
[Black "Libiesse"]
[WhiteElo "1700"]
[BlackElo "1810"]
[Result "0-1"]
[Round "1"]
1.e4 c5
2.c3 e6
3.d4 cxd4
4.cxd4 Qd8c7
5.d5 Ng8f6
6.f3 b6
7.Bc1g5 Qc7e5
8.Bg5c1 exd5
9.Nb1c3 Bc8b7
10.Bc1g5 Qe5xg5
11.a4 dxe4
12.Nc3b5 Bf8b4
13.Ke2 exf3
14.gxf3 Qg5e5
15.Kf2 Nf6g4
16.fxg4 Bb4c5
{ resign }
0-1

[Event "Tourn. n9674"]
[Site "www.chess-mail.com"]
[Date "2018.04.01"]
[Round "1"]
[White "Johnmcbride"]
[Black "Sahlapalat"]
[WhiteElo "2070"]
[BlackElo "2080"]
[Result "0-1"]
[Round "1"]
1.e4 c5
2.c4 Nb8c6
3.g4 g6
4.Ng1e2 Bf8g7
5.h4 Ng8f6
6.f3 d6
7.Nb1c3 Nc6e5
8.Ne2f4 e6
9.g5 Nf6d7
10.d3 a6
11.a4 Ne5c6
12.Bc1d2 Nd7e5
13.Ra1c1 Nc6d4
14.Bf1e2 Bc8d7
15.Rh1h3 b5
16.axb5 axb5
17.Nc3xb5 Nd4xb5
18.cxb5 Bd7xb5
19.Bd2c3 Qd8b8
20.Qd1d2 h5
21.b4 cxb4
22.Bc3xb4 O-O
23.d4 Bb5xe2
24.dxe5 Be2b5
25.Bb4xd6 Qb8b6
26.Bd6c5 Qb6a6
27.Bc5xf8 Ra8xf8
28.Qd2c3 Rf8d8
29.Qc3c7 Rd8a8
30.Qc7c3 Qa6a2
31.Rc1d1 Ra8a3
32.Qc3c5 Ra3b3
33.Qc5b6 Bg7xe5
34.Rd1c1 Be5xf4
35.Qb6f2 Qa2xf2
36.Kxf2 Rb3b2
37.Kg1 Bf4xc1
{ resign }
0-1

[Event "Tourn. n9764"]
[Site "www.chess-mail.com"]
[Date "2018.04.01"]
[Round "1"]
[White "Darko10"]
[Black "Jose"]
[WhiteElo "2870"]
[BlackElo "2760"]
[Result "1/2-1/2"]
[Round "1"]
1.e4 c5
2.Ng1f3 d6
3.d4 cxd4
4.Nf3xd4 Ng8f6
5.Nb1c3 g6
6.Bc1e3 Bf8g7
7.f3 O-O
8.Qd1d2 Nb8c6
9.O-O-O d5
10.Qd2e1 e5
11.Nd4xc6 bxc6
12.exd5 Nf6xd5
13.Bf1c4 Bc8e6
14.Kb1 Ra8b8
15.Nc3e4 f5
16.Be3xa7 Rb8a8
17.Ba7c5 fxe4
18.fxe4 Rf8f7
19.Bc4b3 Rf7b7
20.exd5 cxd5
21.Bc5b4 Qd8b6
22.a3 Qb6c6
23.Qe1e2 Rb7xb4
24.axb4 Kh8
25.Rh1f1 e4
26.g3 h5
27.Rf1f4 Ra8a7
28.b5 Qc6a8
29.c3 Bg7xc3
30.Rf4xe4 dxe4
31.Bb3xe6 Ra7a1
{ draw }
1/2-1/2

[Event "Tourn. n9740"]
[Site "www.chess-mail.com"]
[Date "2018.04.01"]
[Round "1"]
[White "Gearoidmac"]
[Black "Aniruddhadg"]
[WhiteElo "2470"]
[BlackElo "2440"]
[Result "0-1"]
[Round "1"]
1.e4 c5
2.Ng1f3 d6
3.Bf1b5 Nb8c6
4.O-O Bc8d7
5.c3 Ng8f6
6.Rf1e1 a6
7.Bb5f1 Bd7g4
 { time }
0-1

[Event "Tourn. n9720"]
[Site "www.chess-mail.com"]
[Date "2018.04.01"]
[Round "1"]
[White "Hansen"]
[Black "Picifarkinca"]
[WhiteElo "1520"]
[BlackElo "1670"]
[Result "0-1"]
[Round "1"]
1.e4 e5
2.Bf1c4 Ng8f6
3.Qd1f3 d6
4.h3 c6
5.g4 Bc8e6
6.b3 Be6xc4
7.bxc4 Nb8d7
8.a3 Bf8e7
9.g5 Nf6g8
10.d3 Be7xg5
11.Bc1b2 Ng8f6
12.h4 Bg5h6
13.d4 Qd8b6
14.Bb2c3 exd4
15.Bc3b4 c5
16.e5 Nd7xe5
17.Qf3h3 cxb4
18.a4 Ne5xc4
19.a5 Nc4xa5
20.Ng1f3 Qb6c6
21.Nf3xd4 Qc6e4
22.Nd4e2 O-O
23.Ra1xa5 Rf8e8
24.Qh3f1 Qe4xc2
25.f3 Qc2xb1
26.Kf2 Bh6e3
27.Kg2 Qb1xf1
28.Rh1xf1 Be3b6
29.Ra5a2 Nf6d5
30.Rf1e1 Nd5c3
31.Ne2xc3 bxc3
32.Re1c1 Ra8c8
33.h5 d5
34.h6 d4
35.hxg7 d3
36.Rc1h1 c2
37.f4 d2
38.f5 Kxg7
39.Kg3 d1Q
40.Rh1xd1 cxd1Q
41.Ra2f2 Bb6xf2
{ resign }
0-1

[Event "Match"]
[Site "www.echecsemail.com"]
[Date "2018.04.01"]
[Round "1"]
[White "Mitja"]
[Black "Bojan"]
[WhiteElo "1950"]
[BlackElo "1950"]
[Result "1-0"]
[Round "1"]
1.d4 d5
2.e3 Bc8d7
3.c3 e6
4.Nb1d2 c5
5.dxc5 Bf8xc5
6.Nd2b3 Bc5d6
7.Ng1f3 Ng8f6
8.h3 h6
9.Bf1e2 a6
10.Nb3d4 Nb8c6
11.Nd4xc6 Bd7xc6
12.Nf3d4 Bc6d7
13.Qd1b3 b5
14.Qb3c2 Nf6h7
15.b3 e5
16.Nd4f5 Bd6f8
17.Bc1b2 Qd8g5
18.Nf5g3 Bd7e6
19.Be2d3 Bf8d6
20.Bd3xh7 g6
21.Bh7xg6 fxg6
22.Qc2e2 O-O
23.O-O-O Ra8c8
24.h4 Qg5e7
25.Rd1f1 b4
26.Qe2d2 bxc3
27.Bb2xc3 Bd6b4
28.Ng3e2 Rf8d8
29.Kb2 Bb4a3
30.Ka1 Ba3d6
31.Bc3b2 Qe7f7
32.Rf1c1 Qf7xf2
33.Rc1xc8 Rd8xc8
34.g3 Qf2g2
35.Rh1c1 Rc8d8
36.Qd2d3 Be6f5
37.Qd3xa6 Kf7
38.Rc1g1 Qg2f2
39.g4 Bf5e6
40.h5 Qf2xe3
41.Bb2c1 Qe3e4
42.hxg6 Kxg6
43.g5 h5
44.Bc1b2 Be6g4
45.Qa6b6 Rd8d7
46.Qb6f2 Bg4xe2
47.Qf2f6 Kh7
48.g6 Kg8
49.Qf6e6 Kg7
50.Qe6xd7 Kh6
51.Qd7h7 { resign }
1-0

[Event "Match"]
[Site "www.echecsemail.com"]
[Date "2018.04.01"]
[Round "1"]
[White "Pinehill"]
[Black "Gilliere"]
[WhiteElo "2000"]
[BlackElo "2060"]
[Result "1-0"]
[Round "1"]
1.e4 c5
2.Ng1f3 d6
3.g3 Nb8c6
4.Bf1g2 Ng8f6
5.d3 e5
6.O-O Bf8e7
7.Bc1g5 Bc8g4
8.Nb1d2 Nc6d4
9.h3 Nd4xf3
10.Nd2xf3 Bg4h5
11.g4 Bh5g6
12.Bg5xf6 Be7xf6
13.h4 Bf6xh4
14.Nf3h2 Bh4g5
15.f3 Bg5f4
16.Rf1e1 Bf4g3
17.Re1e2 Bg3xh2
18.Kxh2 Qd8h4
19.Bg2h3 O-O
20.Qd1e1 Qh4xe1
21.Ra1xe1 h6
22.c3 b5
23.d4 cxd4
24.cxd4 exd4
25.Re1d1 a6
26.Re2d2 h5
27.Rd2xd4 h4
28.Rd4xd6 Kh7
29.Bh3g2 Kh6
30.f4 Kh7
31.f5 Bg6xf5
32.exf5 Ra8b8
33.Kh3 g5
34.fxg6 fxg6
35.Kxh4 Rf8f4
36.Rd6xa6 b4
37.Kg5 Rf4f2
38.Ra6a7 Kh8
39.Rd1h1 Kg8
40.Bg2d5 Kf8
41.Rh1h8 
1-0

[Event "Match"]
[Site "www.echecsemail.com"]
[Date "2018.04.01"]
[Round "1"]
[White "Sefj"]
[Black "Billyg"]
[WhiteElo "1809"]
[BlackElo "1660"]
[Result "1-0"]
[Round "1"]
1.c4 e5
2.Qd1c2 d6
3.Nb1c3 Ng8f6
4.g3 g6
5.Bf1g2 Bc8f5
6.e4 Bf5e6
7.b3 Nb8c6
8.Ng1e2 Nc6b4
9.Qc2b1 Nf6g4
10.f3 Ng4h6
11.Bc1a3 Nb4c6
12.O-O Nc6d4
13.Ne2xd4 exd4
14.Nc3b5 c5
15.Ba3c1 f5
16.Rf1e1 a6
17.Nb5a3 Bf8g7
18.exf5 Nh6xf5
19.Re1xe6 Nf5e7
20.Qb1e4 Qd8d7
21.d3 Kd8
22.Bc1g5 Rh8e8
23.Qe4d5 Kc8
24.Bg5xe7 Re8xe7
25.Bg2h3 Kc7
26.Re6xe7 Qd7xe7
27.Ra1f1 Qe7e3
28.Kh1 Ra8f8
29.Bh3g2 Qe3xd3
30.f4 g5
31.Qd5xb7  { time }
1-0

[Event "Match"]
[Site "www.echecsemail.com"]
[Date "2018.04.01"]
[Round "1"]
[White "Apdash"]
[Black "Llord"]
[WhiteElo "2170"]
[BlackElo "2020"]
[Result "1/2-1/2"]
[Round "1"]
1.e4 e5
2.Ng1f3 Nb8c6
3.d4 exd4
4.Nf3xd4 Nc6xd4
5.Qd1xd4 Qd8f6
6.e5 Qf6b6
7.Qd4xb6 axb6
8.a3 d6
9.Bc1f4 Bf8e7
10.Bf1b5 c6
11.Bb5d3 dxe5
12.Bf4xe5 Ng8f6
13.Nb1d2 b5
14.c4 bxc4
15.Nd2xc4 O-O
16.Nc4b6 Ra8a5
17.Be5c3 Ra5g5
18.Nb6xc8 Rf8xc8
19.O-O Nf6d5
20.Bc3d2 Rg5e5
21.Rf1e1 Re5xe1
22.Ra1xe1 g6
23.Bd3c4 Be7f6
24.Bd2c1 b5
25.Bc4d3 Nd5b6
26.Bc1e3 Nb6c4
27.Bd3xc4 bxc4
28.Be3c1 Rc8b8
29.Re1e2 c3
30.b4 Rb8a8
31.Kf1 Ra8d8
32.Re2c2 h5
33.f4 Rd8d1
34.Ke2 Rd1g1
35.Kf3 Rg1f1
36.Ke2 Rf1g1
37.Kf3 Rg1f1
38.Ke2 Rf1g1
39.Kd3 Rg1h1
40.h3 Rh1f1
41.Kc4 Rf1e1
42.a4 Re1e4
43.Kb3 Kf8

1/2-1/2

[Event "Match"]
[Site "www.echecsemail.com"]
[Date "2018.04.01"]
[Round "1"]
[White "Sefj"]
[Black "Iko"]
[WhiteElo "2140"]
[BlackElo "1640"]
[Result "0-1"]
[Round "1"]
1.e4 e5
2.Bf1c4 Ng8f6
3.d3 d5
4.exd5 Nf6xd5
5.Bc4xd5 Qd8xd5
6.Ng1f3 Bc8g4
7.Nb1c3 Qd5e6
8.Nc3b5 Bg4xf3
9.Qd1xf3 a6
10.Nb5xc7 Kd7
11.Nc7xe6 Kxe6
 { time }
0-1

[Event "Match"]
[Site "www.echecsemail.com"]
[Date "2018.04.01"]
[Round "1"]
[White "Pinehill"]
[Black "Sefj"]
[WhiteElo "2030"]
[BlackElo "2140"]
[Result "1-0"]
[Round "1"]
1.e4 d5
2.exd5 Ng8f6
3.Nb1c3 Nf6xd5
4.Bf1c4 Nd5xc3
5.dxc3 Qd8xd1
6.Kxd1 Bc8g4
7.Bc4e2 Bg4f5
8.Be2d3 Bf5d7
9.Ng1f3 g6
10.Bc1f4 c6
11.Rh1e1 Bf8g7
12.Kd2 e6
13.Bf4d6  { time }
1-0

[Event "1/2 Finale"]
[Site "www.chess-mail.com"]
[Date "2018.04.01"]
[Round "1"]
[White "Vgrynyuk"]
[Black "Conde7"]
[WhiteElo "2740"]
[BlackElo "2880"]
[Result "1-0"]
[Round "1"]
1.e4 e5
2.Ng1f3 Nb8c6
3.Bf1b5 a6
4.Bb5a4 Ng8f6
5.O-O Bf8e7
6.Rf1e1 b5
7.Ba4b3 O-O
8.c3 d5
9.exd5 Nf6xd5
10.Nf3xe5 Nc6xe5
11.Re1xe5 c6
12.Re5e1 Be7d6
13.d4 Qd8h4
14.g3 Qh4h3
15.Qd1e2 Bc8d7
16.Qe2f1 Qh3h5
17.Nb1d2 Ra8e8
18.Nd2e4 Bd7h3
19.Bb3d1 Qh5f5
20.Qf1d3 Qf5g6
21.Bc1d2 Bh3f5
22.f3 Nd5f6
23.Bd1c2 Re8e6
24.a4 h5
25.axb5 axb5
26.Kh1 Kh8
27.Qd3e3 Nf6xe4
28.fxe4 Bf5xe4
29.Bc2xe4 f5
30.Qe3g5 Qg6xg5
31.Bd2xg5 fxe4
32.Kg2 Kh7
33.Ra1a6 Rf8f5
34.Bg5e3 Bd6e7
35.Re1f1 Kg6
36.Rf1xf5 Kxf5
37.Ra6b6 Be7d8
38.Rb6b8 Bd8f6
39.h3 Re6d6
40.Rb8b6 g5
41.Kf2 Ke6
42.Ke2 Bf6d8
43.Rb6b7 Rd6d7
44.Rb7b8 h4
45.g4 Kd6
46.Rb8c8 Kd5
47.Be3d2 Kd6
48.Bd2c1 Kd5
49.Bc1e3 Kd6
50.Be3c1 Kd5
51.Bc1d2 Rd7d6
52.b3 Rd6d7
53.Bd2e3 Bd8f6
54.Rc8g8 Ke6
55.Rg8e8 Kd6
56.Re8xe4 Rd7a7
57.Be3c1 Ra7a2
58.Kd3 Ra2f2
59.c4 Kd7
60.Bc1a3 bxc4
61.bxc4 Rf2f1
62.Ba3c5 Bf6d8
63.Re4e3 Rf1d1
64.Kc2 Rd1f1
65.Bc5b4 Bd8b6
66.Re3e7 Kc8
67.Kd3 Rf1d1
68.Bb4d2 Bb6a5
69.Re7e2 Ba5xd2
70.Re2xd2 Rd1e1
71.Rd2f2 Kc7
72.Rf2f7 Kc8
73.Rf7f5 Re1h1
74.Rf5f3 Rh1e1
75.Rf3e3 { resign }
1-0

[Event "Tourn. n9753"]
[Site "www.chess-mail.com"]
[Date "2018.04.02"]
[Round "1"]
[White "Libiesse"]
[Black "Iko"]
[WhiteElo "1740"]
[BlackElo "1680"]
[Result "1-0"]
[Round "1"]
1.Ng1f3 Nb8c6
2.e3 e5
3.Nb1c3 d6
4.Bf1b5 Bc8d7
5.O-O f5
6.e4 f4
7.d4 Qd8e7
8.Nc3d5 Qe7d8
9.dxe5 Nc6xe5
10.Bb5xd7 Qd8xd7
11.Nd5xf4 O-O-O
12.Nf3xe5 dxe5
13.Qd1xd7 Rd8xd7
14.Nf4d3 Bf8d6
15.Bc1e3 Ng8f6
16.f3 c5
17.b4 b6
18.b5 Rd7f7
19.a4 Rh8f8
20.Rf1f2 c4
21.Nd3b2 Nf6xe4
22.fxe4 Bd6c5
23.Be3xc5 bxc5
24.Rf2xf7 Rf8xf7
25.Nb2xc4 Rf7f4
26.g3 Rf4xe4
27.Nc4d6 Kc7
28.Nd6xe4 Kb6
29.Kf2 Ka5
30.c3 c4
31.Ke3 h6
32.h4 h5
33.Ne4d6 Kb6
34.Nd6xc4 Kc5
35.Nc4xe5 Kd5
36.Kf4 g6
37.Ra1d1 Ke6
38.Ne5xg6 Kf6
39.Rd1d6 Kg7
40.c4 Kf7
41.Kf5 Kg7
42.c5 Kf7
43.c6 Ke8
44.Ke6 a6
45.c7 axb5
46.c8Q 
1-0

[Event "Tourn. n9769"]
[Site "www.chess-mail.com"]
[Date "2018.04.02"]
[Round "1"]
[White "Iko"]
[Black "Libiesse"]
[WhiteElo "1690"]
[BlackElo "1770"]
[Result "0-1"]
[Round "1"]
1.e4 c5
2.d4 cxd4
3.Qd1xd4 Nb8c6
4.Qd4e3 e6
5.Bf1d3 Qd8c7
6.Ng1f3 Ng8f6
7.e5 Nf6g4
8.Qe3f4 Ng4xe5
9.O-O Ne5xf3
10.Qf4xf3 Bf8e7
11.Bd3e4 d5
12.Be4d3 Nc6b4
13.Qf3d1 O-O
14.Rf1e1 a6
15.c3 Nb4xd3
16.Qd1xd3 Rf8d8
17.Nb1a3 b5
18.Bc1e3 Be7xa3
19.bxa3 Qc7c4
20.Qd3d4 Bc8b7
21.Ra1b1 Qc4xa2
22.Be3c1 Qa2xb1
23.Kf1 Qb1g6
24.Re1e3 Qg6g5
25.h4 Qg5f6
26.Qd4g4 Ra8c8
27.h5 Rc8c4
28.Qg4g3 d4
29.Re3f3 Bb7xf3
30.Bc1g5 Rc4xc3
31.gxf3 Qf6xf3
32.Bg5xd8 Qf3h1
33.Qg3g1 Rc3c1
34.Ke2 Qh1xg1
35.Kd3 Qg1g4
36.Kd2 Qg4d1

0-1

[Event "Tourn. n9722"]
[Site "www.chess-mail.com"]
[Date "2018.04.02"]
[Round "1"]
[White "Bigrezi"]
[Black "Fabos12"]
[WhiteElo "2260"]
[BlackElo "2010"]
[Result "1-0"]
[Round "1"]
1.e4 e6
2.d4 d5
3.exd5 exd5
4.Ng1f3 Bf8d6
5.c4 Qd8e7
6.Bf1e2 c6
7.O-O b6
8.cxd5 cxd5
9.Nb1c3 Bc8e6
10.Qd1a4 Be6d7
11.Be2b5 Bd7xb5
12.Qa4xb5 Qe7d7
13.Qb5xd7 Nb8xd7
14.Rf1e1 Kf8
15.Nc3xd5 Ng8f6
16.Nd5e3 g6
17.Ne3c4 Bd6b4
18.Re1e2 Kg7
{ time. }
1-0

[Event "Tourn. n9771"]
[Site "www.chess-mail.com"]
[Date "2018.04.02"]
[Round "1"]
[White "Sefj"]
[Black "Gilliere"]
[WhiteElo "2000"]
[BlackElo "2070"]
[Result "0-1"]
[Round "1"]
1.c4 Nb8c6
2.e3 Ng8f6
3.Nb1c3 g6
4.d4 Bf8g7
5.Bf1d3 Nc6b4
6.a3 Nb4xd3
7.Qd1xd3 O-O
8.Ng1e2 c6
9.b4 a5
10.Qd3b1 axb4
 { time }
0-1

[Event "Tourn. n9705"]
[Site "www.chess-mail.com"]
[Date "2018.04.02"]
[Round "1"]
[White "Gearoidmac"]
[Black "Aperturaf"]
[WhiteElo "2470"]
[BlackElo "2670"]
[Result "0-1"]
[Round "1"]
1.d4 e6
2.Bc1f4 Ng8f6
3.e3 b6
4.Ng1f3 Bc8b7
5.Bf1d3 c5
6.c3 Bf8e7
7.Nb1d2 Nf6h5
8.Bf4g3 d6
9.Qd1c2 h6
10.b3 Nb8d7
11.c4 O-O
12.O-O Nd7f6
13.Ra1d1 Ra8c8
14.Nd2e4 cxd4
15.exd4 Nf6xe4
16.Bd3xe4 d5
17.Be4h7 Kh8
18.Nf3e5 Be7f6
 { time }
0-1

[Event "Tourn. n9686"]
[Site "www.chess-mail.com"]
[Date "2018.04.02"]
[Round "1"]
[White "Liencam2"]
[Black "Prize64"]
[WhiteElo "2290"]
[BlackElo "2120"]
[Result "1-0"]
[Round "1"]
1.e4 e6
2.d4 d5
3.Nb1d2 f5
4.exf5 exf5
5.Nd2f3 Ng8f6
6.Bf1d3 g6
7.Ng1e2 Bf8g7
8.Bc1g5 O-O
9.Qd1d2 c6
10.Nf3e5 Nb8d7
11.f4 Qd8b6
12.O-O-O Nf6e4
13.Qd2e3 Nd7xe5
14.fxe5 Ne4xg5
15.Qe3xg5 Bc8e6
16.h4 Qb6d8
17.Qg5g3 c5
18.Ne2f4 Bg7h6
19.Kb1 Bh6xf4
20.Qg3xf4 c4
21.Bd3e2 c3
22.bxc3 Qd8a5
23.Rd1d3 Ra8c8
24.Rh1h3 Rc8c6
25.h5 Qa5a3
26.c4 Qa3b4
27.Kc1 dxc4
28.Rd3g3 c3
29.Kd1 Qb4b1
30.Qf4c1 Qb1xc1
31.Kxc1 Be6xa2
32.Rg3xc3 Rf8c8
33.Rc3xc6 Rc8xc6
34.Be2f3 Rc6b6
35.hxg6 hxg6
36.Kd2 Kg7
37.Rh3h1 Ba2c4
38.Kc3 Bc4f7
39.d5 g5
40.Kd4 g4
41.Bf3e2 Rb6b2
{ time. }
1-0

[Event "Tourn. n9659"]
[Site "www.chess-mail.com"]
[Date "2018.04.02"]
[Round "1"]
[White "Cereus"]
[Black "Fabos12"]
[WhiteElo "1809"]
[BlackElo "1990"]
[Result "1-0"]
[Round "1"]
1.e4 e6
2.d4 d5
3.Nb1d2 a6
4.Ng1f3 Nb8c6
5.c3 Bf8e7
6.Bf1d3 h6
7.O-O Ng8f6
8.e5 Nf6d7
9.Rf1e1 Nd7b6
10.Nd2f1 Bc8d7
11.Nf1g3 Nc6a7
12.a4 a5
13.Bc1e3 Ra8c8
14.Nf3d2 c5
15.Qd1g4 g5
16.dxc5 Be7xc5
17.Be3xc5 Rc8xc5
18.Ng3h5 Na7c8
19.Nh5f6 Kf8
20.h4 Bd7xa4
21.Ra1xa4 Nb6xa4
22.Qg4xa4 Nc8b6
23.Qa4g4 Nb6d7
24.hxg5 Nd7xf6
25.gxf6 Rh8g8
26.Qg4h4 Ke8
27.Nd2b3 Rc5c6
28.Bd3b5 Kd7
29.c4 Qd8b6
30.cxd5 Qb6xb5
31.dxc6 bxc6
32.Qh4d4 Kc8
33.Qd4a7 Rg8d8
34.Nb3xa5 Rd8d7
35.Qa7a8 Kc7
36.Re1c1 c5
37.Rc1xc5 Qb5xc5
38.Qa8b7 Kd8
39.Qb7b8 Qc5c8
40.Na5c6 { resign }
1-0

[Event "Tourn. n9745"]
[Site "www.chess-mail.com"]
[Date "2018.04.02"]
[Round "1"]
[White "Bronstein70"]
[Black "Sefj"]
[WhiteElo "2460"]
[BlackElo "2279"]
[Result "1-0"]
[Round "1"]
1.e4 c5
2.f4 e5
3.d3 exf4
4.Ng1f3 Qd8c7
5.Nb1c3 h6
6.Nc3d5 Qc7d8
7.Bc1xf4 d6
8.d4 b6
9.dxc5 bxc5
10.e5 Bc8b7
11.Bf1b5  { time }
1-0

[Event "Tourn. n9750"]
[Site "www.chess-mail.com"]
[Date "2018.04.02"]
[Round "1"]
[White "Sefj"]
[Black "Comrade"]
[WhiteElo "2279"]
[BlackElo "2290"]
[Result "0-1"]
[Round "1"]
1.e4 c5
2.c3 e6
3.g3 Nb8c6
4.Bf1g2 d5
5.Qd1f3 Nc6e5
6.Qf3h5 Ne5d3
7.Kf1 Nd3xc1
8.exd5 Ng8f6
9.Qh5d1 Nc1d3
10.dxe6 Bc8xe6
11.Bg2xb7 Ra8b8
12.Qd1a4 Be6d7
13.Qa4xa7 Qd8c7
14.Qa7a6 Nd3xb2
15.Qa6e2 Bf8e7
16.Bb7g2 Bd7b5
17.Qe2xb5 Rb8xb5
18.Nb1a3 Rb5a5
19.Na3c2 O-O
20.Ng1h3 Nb2d3
21.Nc2e3 Rf8b8
22.Nh3g5 c4
23.f4 Rb8b2
24.Ke2 h6
25.Ng5f3 Be7c5
26.Ne3xc4 Qc7e7
27.Nf3e5 Nd3xe5
28.fxe5 Nf6g4
29.Nc4xb2 Qe7xe5
30.Kf3 Qe5f5
31.Ke2 Qf5f2
 { time }
0-1

[Event "Tourn. n9722"]
[Site "www.chess-mail.com"]
[Date "2018.04.02"]
[Round "1"]
[White "Prize64"]
[Black "Bigrezi"]
[WhiteElo "2180"]
[BlackElo "2260"]
[Result "0-1"]
[Round "1"]
1.e4 d6
2.d4 g6
3.Nb1c3 Bf8g7
4.Bc1e3 Ng8f6
5.f3 O-O
6.Qd1d2 e5
7.d5 c5
8.dxc6 Nb8xc6
9.O-O-O Bc8e6
10.Kb1 Qd8a5
11.g4 Nc6d4
12.Qd2f2 b5
13.a3 b4
14.axb4 Qa5xb4
15.Be3xd4 Rf8b8
16.Nc3a2 Be6xa2
17.Kxa2 exd4
18.Qf2xd4 Qb4a5
19.Kb1 Rb8b4
{ resign }
0-1

[Event "Tourn. n9707"]
[Site "www.chess-mail.com"]
[Date "2018.04.02"]
[Round "1"]
[White "Tobernor"]
[Black "Griffo30"]
[WhiteElo "2250"]
[BlackElo "2200"]
[Result "1-0"]
[Round "1"]
1.e4 e6
2.Qd1e2 c5
3.g3 Nb8c6
4.Ng1f3 g6
5.Bf1g2 Bf8g7
6.O-O Ng8f6
7.c3 O-O
8.e5 Nf6d5
9.Nb1a3 d6
10.Na3c4 dxe5
11.Nc4xe5 Qd8c7
12.Ne5xc6 Qc7xc6
13.Nf3e5 Qc6c7
14.Rf1e1 Nd5e7
15.d3 Ne7f5
16.Bc1f4 g5
17.Bf4d2 f6
18.Ne5c4 e5
19.Nc4e3 Nf5xe3
20.Bd2xe3 Ra8b8
21.d4 cxd4
22.cxd4 exd4
23.Be3xd4 b6
24.Bd4c3 Bc8b7
25.Bc3b4 Rf8d8
26.Bb4e7 Rd8d7
27.Qe2e6 Kh8
28.Ra1c1 Rd7xe7
29.Qe6xe7 Qc7xe7
30.Re1xe7 Bb7xg2
31.Kxg2 { resign }
1-0